000 00389nam a22001697a 4500
005 20160624140723.0
008 160624b xxu||||| |||| 00| 0 eng d
020 _a81-7649-701-0
041 _aeng
082 _b9595
100 _aManning, Marliyn
_92675
245 _aProfessionalism in the office
260 _bViva
_c2004
300 _a92
650 _aManagement
_9241
942 _cBK
999 _c3855
_d3854